MARC details
| 000 -CABECERA |
| campo de control de longitud fija |
02097cam a2200289 i 4500 |
| 003 - IDENTIFICADOR DEL NÚMERO DE CONTROL |
| campo de control |
DO-SdBNP |
| 005 - FECHA Y HORA DE LA ÚLTIMA TRANSACCIÓN |
| campo de control |
20240625154247.0 |
| 007 - CAMPO FIJO DE DESCRIPCIÓN FÍSICA--INFORMACIÓN GENERAL |
| campo de control de longitud fija |
ta |
| 008 - DATOS DE LONGITUD FIJA--INFORMACIÓN GENERAL |
| campo de control de longitud fija |
240625s2009 sp ao 001 f spa d |
| 020 ## - NÚMERO INTERNACIONAL ESTÁNDAR DEL LIBRO |
| Número Internacional Estándar del Libro |
9788496840447 |
| 040 ## - FUENTE DE LA CATALOGACIÓN |
| Centro catalogador/agencia de origen |
DO-SdBNP |
| Centro/agencia transcriptor |
spa |
| Centro/agencia modificador |
BNPHU |
| Normas de descripción |
rda |
| 082 ## - NÚMERO DE LA CLASIFICACIÓN DECIMAL DEWEY |
| Número de documento/Ítem |
Z39 |
| Número de edición |
22 |
| 100 ## - ENTRADA PRINCIPAL--NOMBRE DE PERSONA |
| Nombre de persona |
Zavala, José María |
| Fechas asociadas al nombre |
1962- |
| Término indicativo de función/relación |
autor |
| 9 (RLIN) |
85809 |
| 245 13 - MENCIÓN DE TÍTULO |
| Título |
Franco, el republicano : |
| Resto del título |
la vida secreta de Ramón Franco, el hermano maldito del caudillo / |
| Mención de responsabilidad, etc. |
José María Zavala |
| 264 #1 - PRODUCCIÓN, PUBLICACIÓN, DISTRIBUCIÓN, FABRICACIÓN Y COPYRIGHT |
| Producción, publicación, distribución, fabricación y copyright |
Barcelona, España : |
| Nombre del de productor, editor, distribuidor, fabricante |
Altera, |
| Fecha de producción, publicación, distribución, fabricación o copyright |
2009. |
| 300 ## - DESCRIPCIÓN FÍSICA |
| Extensión |
367 páginas |
| Otras características físicas |
ilustraciones, fotografías |
| Dimensiones |
24 cm. |
| 336 ## - TIPO DE CONTENIDO |
| Fuente |
rdacontent |
| Término de tipo de contenido |
texto |
| Código de tipo de contenido |
txt |
| 337 ## - TIPO DE MEDIO |
| Fuente |
rdamedia |
| Nombre/término del tipo de medio |
sin mediación |
| Código del tipo de medio |
n |
| 338 ## - TIPO DE SOPORTE |
| Fuente |
rdacarrier |
| Nombre/término del tipo de soporte |
volumen |
| Código del tipo de soporte |
nc |
| 500 ## - NOTA GENERAL |
| Nota general |
Incluye datos biografícos de la autora en la solapa de la portada. |
| 500 ## - NOTA GENERAL |
| Nota general |
Incluye índice onomástico. |
| 504 ## - NOTA DE BIBLIOGRAFÍA, ETC. |
| Nota de bibliografía, etc. |
Bibliografía p: 353-357. |
| 520 ## - SUMARIO, ETC. |
| Sumario, etc. |
Ramón Franco, nacido cuatro años después que su hermano Francisco, también ingresó en el Ejército y fue destinado a Marruecos. En 1920, sus caminos se separan: Ramón se convierte en piloto militar. Mientras Francisco se hace conocido para los españoles gracias a sus victorias militares y su jefatura de la Legión, Ramón realiza otras proezas: en 1926, junto con otros tres militares, cubrió en el hidroavión Plus Ultra los más de 10.000 kilómetros que separaban Palos de la Frontera de Buenos Aires.<br/><br/>A partir de entonces, Ramón entra en un torbellino político y se une a las conspiraciones contra Alfonso XIII. En diciembre de 1930, a la vez que en Jaca se subleva la guarnición, él subleva el aeródromo de Cuatro Vientos y se dirige a bombardear el Palacio Real. Ante el fracaso del golpe, huye al extranjero. Al proclamarse la República, es elegido diputado en las listas de Esquerra Republicana de Catalunya.<br/><br/>Cuando estalla la guerra, se une a las fuerzas que manda su hermano. Muere en 1938, en una misión de bombardeo cuando se estrella su avión. ¿Accidente?, ¿venganza masónica? |
| 590 ## - NOTA LOCAL (RLIN) |
| Nota local |
Inventariado, 2024/ YL |
| 910 ## - DATOS DE OPCIÓN DEL USUARIO (OCLC) |
| Datos de opción del usuario |
YLockward |
| 942 ## - ELEMENTOS DE PUNTO DE ACCESO ADICIONAL (KOHA) |
| Fuente del sistema de clasificación o colocación |
Dewey Decimal Classification |
| Tipo de ítem Koha |
Libro |